000 00542nam a2200217Ia 4500
003 OSt
005 20220926042500.0
006 a|||||r|||| 00| 0
007 ta
008 220923b |||||||| |||| 00| 0 eng d
037 _cGeneral Book
040 _aRTL
_cRTL
_beng
041 _2eng
_aeng
082 _aXM5:(Z3), G3
100 _aSamuel Horace B
_9346332
245 0 _aShareholder's money
260 _c1933
650 _aCompany Law
942 _hXM5:(Z3), G3
_cGB
_2CC
999 _c669851
_d669851